| 000 | 00400cam a2200157ua 4500 | ||
|---|---|---|---|
| 020 | _a0-87055-343-7 | ||
| 041 |
_aeng _h |
||
| 082 |
_a664.002 _bMON/EX |
||
| 100 | _aMondy, N I . | ||
| 245 |
_aExperimental food chemistry / _cN I Mondy. _hTextual Documents |
||
| 260 |
_aConnecticut : _bA V I Publishing company , _c2005. |
||
| 300 | _a269 ; . | ||
| 504 | _a | ||
| 942 | _cBK | ||
| 999 |
_c11348 _d11348 |
||